000 02100nam0a2200373 4500
001 RU\NLR\bibl\389217
005 20260408164405.0
010 _a5-7418-0188-9
_9300 (допеч. тиража)
035 _a(NLR Aleph) 000383532
090 _a470753
_c470753
100 _a20030414d2000 u y0rusy50 ca
101 0 _arus
102 _aRU
105 _aa |||||||||
200 1 _aПеремещение и складирование горной массы
_dNovement and storage of rock mass
_eУчеб. для студентов вузов по направлению "Горн. дело", спец. "Физ. процессы горн. и нефтегаз. пр-ва"
_fС.А. Гончаров
_g[Моск. гос. горн. ун-т]
_zeng
205 _a2-е изд., стереотип.
210 _aМ.
_cИздательство МГГУ
_d2000
215 _a284 с.
_cил.
_d21
225 1 _aВысшее горное образование
_dMining education
_zeng
300 _aАвт. также на англ. яз.:S.A. Goncharov
320 _aБиблиогр.: с. 273 (11 назв.)
320 _aПредм. указ.: с. 274-279
510 0 _aNovement and storage of rock mass
_zeng
606 0 _aРудничный транспорт
_jРуководства, пособия и т.п. для высшей школы
_91260915
_3RU\NLR\auth\66200166
606 0 _aРудничный транспорт
_jУчебные издания для высшей школы
_91260915
_3RU\NLR\auth\66200166
606 _aОтвалы (горн.)
_jРуководства, пособия и т.п. для высшей школы
_3RU\NLR\auth\66456094
_91144609
606 _aОтвалы (горн.)
_jУчебные издания для высшей школы
_3RU\NLR\auth\66456094
_91144609
686 _aИ16я73-1
700 1 _4070
_8rus
_7ca
_aГончаров
_bС. А.
_cд-р техн. наук
_f1953-
_gСтепан Алексеевич
_3RU\NLR\auth\7743302
_926245
801 0 _aRU
_bNLR
_c20030414
_gPSBO
801 1 _aRU
_bNLR
_c20030414
942 _cBOOK
980 _aNB